| 000 | 00472nam a2200205Ia 4500 | ||
|---|---|---|---|
| 005 | 20250425162650.0 | ||
| 008 | 250425s9999 xx 000 0 und d | ||
| 020 | _a0385260946 | ||
| 041 | _aeng | ||
| 082 | _a658.4 866 354 | ||
| 100 | _aSENGE, PETER M. | ||
| 245 | 0 | _aTHE FIFTH DISCIPLINE | |
| 250 | _aS.E | ||
| 260 |
_aEstados Unidos _bA CURRENCY BOOK _c1990 |
||
| 260 | _aNEW YORK | ||
| 300 | _a421 | ||
| 650 | _aLITERATURA | ||
| 942 | _c01 | ||
| 010 | _a95253 | ||
| 999 |
_c233937 _d233937 |
||